Návrh technológie na výrobu 2-fenyl etanolu v hybridnom systéme bioreaktor - membránová separácia diplomová práca

Gespeichert in:
Bibliographische Detailangaben
1. Verfasser: Stovíček, Peter
Format: Buch
Sprache:Slowakisch
Veröffentlicht: Bratislava STU FCHPT 2013
Online-Zugang:Im OPAC anzeigen
Tags: Tag hinzufügen
Keine Tags, Fügen Sie das erste Tag hinzu!

MARC

LEADER 00000nam a2200000 a 4500
005 20260127134033.0
008 130814 2013 000 0 slo d
035 |a vtls010535137 
039 9 |y 201308141205  |z mschk03 
040 |a STUSCHK1  |b slo  |c STUSCHK1  |e AACR2 
100 1 |a Stovíček, Peter 
245 1 |a Návrh technológie na výrobu 2-fenyl etanolu v hybridnom systéme bioreaktor - membránová separácia  |b diplomová práca  |c Peter Stovíček 
260 |a Bratislava  |b STU FCHPT  |c 2013 
300 |a 53 s.  |b il.  |c 30 cm 
500 |a Obhájené: 10.06.2013 
500 |a Štud. odbor: Chemické inžinierstvo 
500 |a Škol. pracovisko: Odd. chemického a biochemického inžinierstva 
500 |a Evid. číslo: FCHPT-5433-58158 
910 |a SCHK95 
999 |c 2597  |d 2597